Budget concepts for economic anlaysis (Record no. 372303)

000 -LEADER
fixed length control field 00403cam a22001337a 4500
008 - FIXED-LENGTH DATA ELEMENTS--GENERAL INFORMATION
fixed length control field 180718b1968 xxu||||| |||| 00| 0 eng d
082 ## - DEWEY DECIMAL CLASSIFICATION NUMBER
Classification number L1x73 L589
245 ## - TITLE STATEMENT
Title Budget concepts for economic anlaysis
Statement of responsibility, etc. edited by Wilfred Lewis
260 ## - PUBLICATION, DISTRIBUTION, ETC.
Place of publication, distribution, etc. Washington, D.C.
Name of publisher, distributor, etc. Brookings
Date of publication, distribution, etc. 1968
300 ## - PHYSICAL DESCRIPTION
Extent 198p.
500 ## - GENERAL NOTE
General note $6.75; Studies of government finance
650 ## - SUBJECT ADDED ENTRY--TOPICAL TERM
Topical term or geographic name entry element Budgeting --USA
700 ## - ADDED ENTRY--PERSONAL NAME
Personal name Lewis, Wilfred
Holdings
Withdrawn status Lost status Damaged status Not for loan Permanent Location Current Location Date acquired Full call number Barcode Date last seen Price effective from Koha item type
        Indian Institute of Public Administration Indian Institute of Public Administration 1994-06-15 L1x73 L589 44325 2018-07-21 2018-07-21 Book

Powered by Koha